| 000 | 01234cam a2200349 i 4500 | ||
|---|---|---|---|
| 001 | 21968200 | ||
| 003 | NUST | ||
| 005 | 20221019151556.0 | ||
| 008 | 210401s2021 nyu 000 1 eng | ||
| 010 | _a 2021014281 | ||
| 020 |
_a9780374602604 _q(hardcover) |
||
| 020 | _a9780374605438 (international edition) | ||
| 038 | _aAzhar | ||
| 040 |
_aDLC _beng _erda _cDLC _dDLC |
||
| 042 | _apcc | ||
| 050 | 0 | 0 |
_aPR6118.O59 _bB43 2021 |
| 082 | 0 | 0 |
_a823.92 _223 _bROO |
| 100 | 1 |
_aRooney, Sally, _eauthor. _9100854 |
|
| 245 | 1 | 0 |
_aBeautiful world, where are you / _cSally Rooney. |
| 250 | _aFirst edition. | ||
| 260 |
_aNew York : _bFarrar, Straus and Giroux, _c2021. |
||
| 300 |
_a356 p ; _c22 cm |
||
| 336 |
_atext _btxt _2rdacontent |
||
| 337 |
_aunmediated _bn _2rdamedia |
||
| 338 |
_avolume _bnc _2rdacarrier |
||
| 520 |
_a"A new novel by Sally Rooney, the bestselling author of Normal People and Conversations with Friends"-- _cProvided by publisher. |
||
| 563 | _aHB | ||
| 655 | 7 |
_aNovels. _2lcgft _996108 |
|
| 906 |
_a7 _bcbc _corignew _d1 _eecip _f20 _gy-gencatlg |
||
| 942 |
_2ddc _cLC |
||
| 999 |
_c591962 _d591962 |
||